Remembering Einstein : (Record no. 39218)

MARC details
000 -LEADER
fixed length control field 00820nam a22002417a 4500
005 - DATE AND TIME OF LATEST TRANSACTION
control field 20100804134638.0
010 ## - LCCN (DPL NO)
LC control number ENG-98077
020 ## - INTERNATIONAL STANDARD BOOK NUMBER
International Standard Book Number 9780198064497
Terms of availability 445.00
020 ## - INTERNATIONAL STANDARD BOOK NUMBER
International Standard Book Number 0198064497
035 ## - SYSTEM CONTROL NUMBER
System control number EN-81610
037 ## - SOURCE OF ACQUISITION
Source of stock number/acquisition DBAD/PUB
082 ## - DEWEY DECIMAL CLASSIFICATION NUMBER
Classification number 530
245 ## - TITLE STATEMENT
Title Remembering Einstein :
Remainder of title lectures on physics and astrophysics /
Statement of responsibility, etc edited by B V S reekantan
260 ## - PUBLICATION, DISTRIBUTION, ETC. (IMPRINT)
Place of publication, distribution, etc New Delhi
Name of publisher, distributor, etc Oxford
Date of publication, distribution, etc 2010
270 ## - ADDRESS
Address YMCA Library Building Jai Singh Road
City New Delhi
Postal code 110001
300 ## - PHYSICAL DESCRIPTION
Extent xvi,148p
Dimensions 23cm(Hb)
650 ## - SUBJECT ADDED ENTRY--TOPICAL TERM
Topical term or geographic name as entry element Astrophysics
650 ## - SUBJECT ADDED ENTRY--TOPICAL TERM
Topical term or geographic name as entry element Physics
Form subdivision z39.50 Search
650 ## - SUBJECT ADDED ENTRY--TOPICAL TERM
Topical term or geographic name as entry element Einstein albert
700 ## - ADDED ENTRY--PERSONAL NAME
Personal name Sreekantan,B V
9 (RLIN) 5988
942 ## - ADDED ENTRY ELEMENTS (KOHA)
Source of classification or shelving scheme Dewey Decimal Classification
Item type English Books
Classification part 530
Call number suffix REM
Holdings
Withdrawn status Lost status Not for loan Collection code Home library Current library Date acquired Source of acquisition Cost, normal purchase price Full call number Barcode Copy number Cost, replacement price Koha item type
    Not For Loan Non-fiction D.B.Act.Division D.B.Act.Division 04/08/2010 DBAD/PUB 445.00 530 REM EN-81610 1 445.00 English Books

© Delhi Public Library
Hit Counter
free hit counter